| 000 | 00724nam a22002177a 4500 | ||
|---|---|---|---|
| 999 |
_c4577 _d4577 |
||
| 003 | AR-CdUCM | ||
| 008 | 190311b ||||| |||| 00| 0 spa d | ||
| 040 |
_aMUNICIPALIDAD PROVINCIAL DEL CUSCO _cBIBLIOTECA MUNICIPAL DEL CUSCO |
||
| 082 |
_a848.9 / _bAP64 |
||
| 100 |
_aApollinaire, Guillaume _914305 |
||
| 245 |
_aAntología poética / _cApollinaire Guillaume |
||
| 260 |
_aBuenos Aires : _bEdiciones del mediodía, _c1971. |
||
| 300 |
_a74 páginas ; _c22 cm. |
||
| 500 | _aDonación de la familia Nieto. | ||
| 650 |
_aPoesía francesa _95723 |
||
| 650 |
_aPoetas franceses _98378 |
||
| 650 |
_aPoesía - Siglo XX - Francia _914306 |
||
| 650 |
_aApollinaire - Poemas _914307 |
||
| 942 |
_2ddc _cLIBROS |
||
| 945 | _alccs | ||